LEADER 00955nam 2200169z- 450 001 9910712356803321 035 $a(CKB)5470000002492564 035 $a(EXLCZ)995470000002492564 100 $a20230509c2018uuuu -u- - 101 0 $aeng 200 10$aEvidence-based strategies for preventing opioid overdose : what's working in the United States : an introduction for public health, law enforcement, local organizations, and others striving to serve their community 210 $aWashington, D.C$cCenters for Disease Control and Prevention, National Center for Injury Prevention and Control 517 $aEvidence-based strategies for preventing opioid overdose 906 $aBOOK 912 $a9910712356803321 996 $aEvidence-based strategies for preventing opioid overdose : what's working in the United States : an introduction for public health, law enforcement, local organizations, and others striving to serve their community$93280604 997 $aUNINA